The National League (Conference) English Footballs top 3 non league divisions - Statistics

General Stats
  • This quiz has been taken 1,028 times
    709 since last reset
  • The average score is 23 of 68
Answer Stats
Answer % Correct
Wrexham
72%
Chester
70%
Notts County
62%
Yeovil Town
61%
York City
59%
Aldershot Town
57%
Barnet
56%
Chesterfield
56%
Torquay United
56%
Dover Athletic
52%
Barrow
51%
Hartlepool United
51%
Stockport County
50%
Sutton United
50%
Harrogate Town
48%
Bromley
47%
FC Halifax Town
46%
Gateshead
44%
Woking
44%
AFC Fylde
43%
Altrincham
43%
Kidderminster Harriers
43%
Eastleigh
42%
Boreham Wood
41%
Kings Lynn Town
39%
Maidstone United
39%
Darlington
38%
Maidenhead United
38%
Boston United
35%
Hereford
35%
Chorley
34%
Ebbsfleet United
34%
Oxford City
34%
Solihull Moors
34%
Wealdstone
34%
Weymouth
32%
Bath City
31%
Blyth Spartans
31%
Southport
31%
Dorking Wanderers
29%
Braintree Town
27%
AFC Telford United
25%
Gloucester City
25%
Welling United
25%
Bradford Park Avenue
24%
Dartford
24%
Chelmsford City
23%
Kettering Town
22%
Dulwich Hamlet
21%
Eastbourne Borough
21%
St Albans City
21%
Alfreton Town
20%
Billericay Town
20%
Dagenham & Redbridge
20%
Brackley Town
19%
Guiseley
19%
Hemel Hempstead Town
19%
Leamington
19%
Slough Town
19%
Farsley Celtic
18%
Spennymoor Town
18%
Concord Rangers
17%
Chippenham Town
15%
Curzon Ashton
15%
Havant & Waterlooville
14%
Hungerford Town
11%
Tonbridge Angels
11%
Hampton & Richmond Borough
10%
No matching quizzes found
Score Distribution
Percent of People with Each Score
Percentile by Number Answered
Your Score History
You have not taken this quiz since the last reset